000 00942nam a22003017a 4500
001 BR2012005399
003 BR-BrBNA
005 20230928104035.0
007 ta
008 230509b bl.||||| |||| 00| 0 por d
040 _aBR-BrBNA
_bpor
_cBiblioteca Nacional de Agricultura
041 _a(Por)
072 _aH10; L20
_b4020
090 _ 4020 BR2012005399
100 1 _aBonetti Filho, R.Z.
110 1 _aUniversidade Federal de Viçosa, MG (Brasil)
_0Tese (Magister Scientae em Entomologia)
245 1 _aComportamento de Brassolis sophorae (l. 1758)(Lepidoptera: Nymphalidae), em condições naturais
260 3 _aViçosa, MG (Brasil):
_c1993.
300 _a71 p.
500 _aBibliography p. 55-62; 12 illus.; 19 tables
650 _aBRASSOLIS SOPHORAE
650 _aLAGARTA
650 _aLEPIDOPTERO
650 _aBORBOLETA
650 _aCOMPORTAMENTO ANIMAL
909 _a202309
_bLucia
_c55
_dLucia Elande
942 _cBK
999 _c77821
_d77821